00429nam a2200169Ia 4500008004100000041001200041082001900053100001800072245003700090365000700127520001300134546001200147630003700159650001300196655001300209730003700222101110s9999 xx 000 0 und d aENGLISH bSR11922a336.4 aMehta & Mehta aIncome-tax Ready recknor 1979-80 b34 aCommerce aENGLISH aIncome-tax Ready recknor 1979-80 aCommerce aCommerce aIncome-tax Ready recknor 1979-80